| 000 | 00577cam a2200205 a 4500 | ||
|---|---|---|---|
| 001 | 4749759 | ||
| 005 | 20180125041210.0 | ||
| 008 | 850322s1985 nyua 000 0 eng | ||
| 010 | _a 85002492 | ||
| 020 | _a0671544322 (pbk.) | ||
| 040 |
_aDLC _cDLC _dDLC |
||
| 041 | _aeng | ||
| 080 | _a613.71 | ||
| 082 | 0 | 0 |
_a613.71 MAD _219 |
| 100 | 1 | _a4 | |
| 101 | _aSHM | ||
| 245 | 1 | 0 |
_aPeak condition / _cby Scott Madsen, in collaboration with Melissa Miller ; photographs by Aaron Jones and Lis DeMarco. |
| 906 |
_a7 _bcbc _corignew _d1 _eocip _f19 _gy-gencatlg |
||
| 942 |
_2ddc _cBK |
||
| 999 |
_c40905 _d40905 |
||